| 000 | 00943nam a22002657a 4500 | ||
|---|---|---|---|
| 005 | 20170123162312.0 | ||
| 010 | _aB-080711 | ||
| 020 |
_c95.00 _a818766780 |
||
| 035 | _aB-080711 | ||
| 037 | _bCen Lib/Ret | ||
| 040 |
_aDPL _bUR |
||
| 082 |
_a440.9 _bس ل ی |
||
| 100 |
_aسلیم اختر _9112475 |
||
| 245 |
_aاردو زبان کی مختصر ترین تاریخ / _cسلیم اختر |
||
| 246 |
_aUrdu zaban ki mukhtasar tareen tareekh / _bby Salim Akhtar |
||
| 260 |
_a دہلی _bاىجوکىشنل پبلشنگ هاؤس _c2003 |
||
| 270 |
_a٣٠١٨، گلی وکیل کوچہ پنڈت، لال کوان _b دہلی _e110006 |
||
| 300 |
_a232p. _c21cm(Hb) |
||
| 500 | _aکتابیات | ||
| 650 |
_a اردو زبان _9547 |
||
| 650 |
_aترین گواہی میں تاریخ _9111153 |
||
| 650 |
_aUrdu language _9112476 |
||
| 650 |
_aTareen tareekh _9112477 |
||
| 942 |
_2ddc _cUR _h440.9 _mس ل ی |
||
| 999 |
_c106490 _d106490 |
||